LIBRARY ONLINE CATALOGUE

Strategic marketing. (Record no. 5718)

MARC details
000 -LEADER
fixed length control field 00594cam a22002172 4500
001 - CONTROL NUMBER
control field 0000002230
005 - DATE AND TIME OF LATEST TRANSACTION
control field 20151217151844.0
008 - FIXED-LENGTH DATA ELEMENTS--GENERAL INFORMATION
fixed length control field 070405s xx 000 0 eng d
020 ## - INTERNATIONAL STANDARD BOOK NUMBER
International Standard Book Number 0256087938 :
040 ## - CATALOGING SOURCE
Original cataloging agency KABU
Transcribing agency KABU
050 #0 - LIBRARY OF CONGRESS CALL NUMBER
Classification number HF5415.135
Item number .C73 1991
100 1# - MAIN ENTRY--PERSONAL NAME
Personal name Cravens, David W.
-- 0000167603
245 10 - TITLE STATEMENT
Title Strategic marketing.
250 ## - EDITION STATEMENT
Edition statement 3rd ed.
260 ## - PUBLICATION, DISTRIBUTION, ETC. (IMPRINT)
Place of publication, distribution, etc. Boston :
Name of publisher, distributor, etc. Irwin,
Date of publication, distribution, etc. 1991.
300 ## - PHYSICAL DESCRIPTION
Extent xxvii, 833 p.
650 #0 - SUBJECT ADDED ENTRY--TOPICAL TERM
Topical term or geographic name as entry element Marketing
General subdivision Decision making.
-- 0000151508
908 ## - PUT COMMAND PARAMETER (RLIN)
Put command parameter 070405
950 ## - LOCAL HOLDINGS (RLIN)
-- 1
Holdings
Withdrawn status Lost status Source of classification or shelving scheme Not for loan Home library Current library Date acquired Total Checkouts Full call number Barcode Date last seen Date last checked out Price effective from Koha item type
    Library of Congress Classification   Kabarak, Main Campus Kabarak, Main Campus 17/12/2015 1 HF5415.135 .C73 1991 002422 20/07/2016 18/07/2016 17/12/2015 General Collection